Walter Gropius.

Guardado en:
Formato: Deslizar
Materias:
Etiquetas: Agregar Etiqueta
Sin Etiquetas, Sea el primero en etiquetar este registro!
LEADER 00768ngm a22002055g 4500
001 CEM.cems022906
008 130507b2009##################0###0#####d
005 20241126152148.0
245 0 0 |a Walter Gropius. 
300 |a 15'. 
500 |a En soporte VHS, consultar en ventanilla. 
505 0 |a Gropius y sus aportes a la arquitectura. Trayectoria. Arquitectura industrial. Integración de la obra arquitectónica con la naturaleza. Tarea docente de Gropius. 
538 |a Soporte: VHS - Norma: Pal N - Color: Si - Grabación DRD 2009 - Hitachi=3390. 
082 7 5 |/ MON 
653 |a ARTE 
653 |a ARQUITECTURA 
653 |a GROPIUS 
653 |a NIVEL PRIMARIO 
653 |a NIVEL SECUNDARIO 
859 |a CEMS  |b BIB. CEMS - Depto. Recursos Didacticos  |h 754  |i MON  |k DRD  |p 1549.12  |t Ej.1